000 00421nam a2200145Ia 4500
008 230917s9999||||xx |||||||||||||| ||und||
040 _e249317
_aMAIN
041 _aEnglish
082 _a580 A47S
100 _aAhlawat, Jyoti
245 0 _aStudies on seaweed effect and antimicrobial potential of nanoparticles in tissue culture of capparis decidua (Forsk.) edgew
260 _c2017
300 _a85 p.
942 _cTH
999 _c128129
_d128129